[Event "3MCR_3DW_2L_3S"]
[Site "?"]
[Date "2009.??.??"]
[Round "?"]
[White "Majstr, Jiri"]
[Black "Kelbl, Jiri"]
[Result "1/2-1/2"]
[WhiteElo "1846"]
[BlackElo "1783"]
[PlyCount "100"]
[EventDate "2009.??.??"]
[EventType "corr"]
[EventRounds "2"]

1. e4 e5 2. Nf3 Nc6 3. Bc4 Bc5 4. Nc3 Nf6 5. d3 d6 6. O-O O-O 7. Bg5 h6 8. Bxf6
Qxf6 9. Nd5 Qd8 10. a3 a6 11. c3 Bd7 12. d4 Ba7 13. h3 Re8 14. Re1 b5 15. Ba2
Rb8 16. Qd3 a5 17. Ne3 Qf6 18. Rad1 Qg6 19. Nh4 Qg5 20. Nhf5 Ne7 21. Nxe7+ Qxe7
22. Nf5 Bxf5 23. exf5 Qf6 24. Bd5 exd4 25. Rxe8+ Rxe8 26. cxd4 b4 27. axb4 axb4
28. g4 Re7 29. Bc6 Bb6 30. Kg2 h5 31. Bf3 Qg5 32. Qa6 Qf6 33. Qc4 b3 34. Qc3
Kh8 35. Rd3 hxg4 36. hxg4 g6 37. Qd2 gxf5 38. g5 Qg6 39. Bh5 Qe6 40. Re3 Qd7
41. Rxb3 Kg7 42. d5 Qa4 43. Rb4 Qa5 44. Qc3+ Re5 45. f4 Bc5 46. fxe5 Qxb4 47.
e6+ Qxc3 48. bxc3 fxe6 49. dxe6 d5 50. Kf3 Bd6 1/2-1/2

[Event "3MCR_3DW_2L_3S"]
[Site "?"]
[Date "2009.??.??"]
[Round "?"]
[White "Vanek, Vladimir"]
[Black "Kelbl, Jiri"]
[Result "1/2-1/2"]
[WhiteElo "1800"]
[BlackElo "1783"]
[PlyCount "102"]
[EventDate "2009.??.??"]
[EventType "corr"]
[EventRounds "2"]

1. d4 d5 2. Nf3 Nf6 3. Bf4 c5 4. dxc5 e6 5. e3 Bxc5 6. Nc3 O-O 7. Be2 Nc6 8.
O-O Bd6 9. Qd2 Bxf4 10. exf4 Qb6 11. Na4 Qc7 12. Bd3 Ne4 13. Qe3 f5 14. Nc3 Bd7
15. Nb5 Qa5 16. c3 Rac8 17. a4 a6 18. g3 Qd8 19. Nbd4 Qe8 20. Rfe1 Rf6 21. Nxc6
Bxc6 22. Qd4 Qe7 23. Ne5 Be8 24. Rad1 Nc5 25. Bc2 Nd7 26. Nxd7 Qxd7 27. Qa7 Qc7
28. Re5 Qb8 29. Qe3 Bd7 30. Bb3 Qc7 31. Re1 Rg6 32. Qd3 Rf6 33. h3 b5 34. axb5
axb5 35. Qd4 Qc5 36. Qxc5 Rxc5 37. Ra1 Rc7 38. Ra6 Rf8 39. Rb6 Kf7 40. Kg2 Rfc8
41. Re1 Ra7 42. Kf3 Bc6 43. Ke3 Ke7 44. Kd4 Kd6 45. h4 g6 46. Re2 Ra1 47. Re3
Rb1 48. Re2 Ra1 49. Re3 Rb1 50. Re2 Ra1 51. Re3 Rb1 1/2-1/2

[Event "3MCR_3DW_2L_3S"]
[Site "?"]
[Date "2009.??.??"]
[Round "?"]
[White "Kelbl, Jiri"]
[Black "Vanek, Vladimir"]
[Result "1-0"]
[WhiteElo "1783"]
[BlackElo "1800"]
[PlyCount "143"]
[EventDate "2009.??.??"]
[EventType "corr"]
[EventRounds "2"]

1. e4 e5 2. Nf3 Nc6 3. Bb5 Nge7 4. Nc3 g6 5. d4 exd4 6. Nd5 Nxd5 7. exd5 Qe7+
8. Kf1 Qc5 9. Qe2+ Ne7 10. Bg5 Qd6 11. Rd1 f6 12. Bh4 Kf7 13. Nxd4 a6 14. Bc4
b5 15. Bb3 Kg7 16. Bg3 Qb6 17. h4 h5 18. Rh3 Bb7 19. d6 cxd6 20. Bxd6 Qxd6 21.
Ne6+ Qxe6 22. Bxe6 dxe6 23. Qxe6 Bc8 24. Qe4 Ra7 25. Rc3 Kf7 26. Qe3 Rb7 27.
Qe4 Ra7 28. Rd8 Bf5 29. Qd4 Bg7 30. Qxa7 Rxd8 31. Rc7 Bf8 32. Qxa6 Rd1+ 33. Ke2
Rd5 34. g3 Bg4+ 35. f3 Bd7 36. Qb7 Ke6 37. b3 Nf5 38. c4 bxc4 39. bxc4 Nxg3+
40. Ke1 Re5+ 41. Kd1 Ba4+ 42. Kd2 Bc5 43. Qa6+ Kf5 44. Qxa4 Kf4 45. Rc6 Nf1+
46. Kc2 Ne3+ 47. Kd3 Nf5 48. Rxf6 Re3+ 49. Kd2 Rxf3 50. Qd7 Bb4+ 51. Kd1 Bc3
52. Rxg6 Rf2 53. Qf7 Ke4 54. Re6+ Kd3 55. Rd6+ Ke4 56. Qe6+ Kf4 57. Rd3 Bd4 58.
Qf7 Ke5 59. Qd5+ Kf6 60. Qd8+ Ke6 61. Rxd4 Nxd4 62. Qxd4 Rf5 63. Qd5+ Rxd5+ 64.
cxd5+ Kxd5 65. a4 Kc4 66. Ke2 Kb4 67. Kf3 Kxa4 68. Kf4 Kb4 69. Kg5 Kc5 70. Kxh5
Kd6 71. Kg6 Ke7 72. Kg7 1-0

[Event "3MCR_3DW_2L_3S"]
[Site "?"]
[Date "2009.??.??"]
[Round "?"]
[White "Wiener, Richard"]
[Black "Vanek, Vladimir"]
[Result "1/2-1/2"]
[WhiteElo "2006"]
[BlackElo "1800"]
[PlyCount "128"]
[EventDate "2009.??.??"]
[EventType "corr"]
[EventRounds "2"]

1. e4 Nf6 2. e5 Nd5 3. d4 d6 4. Nf3 Nc6 5. h3 dxe5 6. Nxe5 Nxe5 7. dxe5 Be6 8.
Be2 g6 9. O-O Bg7 10. Re1 O-O 11. Bf3 c6 12. Nd2 Qc7 13. Qe2 Rad8 14. Nf1 Qb6
15. c3 Rfe8 16. Nh2 Nc7 17. Bg4 Qa5 18. Bxe6 Nxe6 19. Nf3 Rd7 20. a4 Red8 21.
Ng5 Qd5 22. Nxe6 Qxe6 23. Be3 Qxe5 24. Bxa7 Qxe2 25. Rxe2 e5 26. f3 f5 27. Bb6
Rd1+ 28. Rxd1 Rxd1+ 29. Kf2 Kf7 30. Rc2 Ke6 31. Ke2 Ra1 32. a5 Bh6 33. b4 Ra3
34. Kd3 Kd5 35. Re2 Bg7 36. Rd2 e4+ 37. fxe4+ fxe4+ 38. Ke3+ Ke6 39. Kxe4 Bxc3
40. Rd8 Bxb4 41. Re8+ Kf6 42. Bd4+ Kf7 43. Rh8 h5 44. Rh7+ Ke6 45. Rg7 Rg3 46.
Rxb7 Bxa5 47. Rb2 Ra3 48. Rc2 Kd7 49. Bc5 Rc3 50. Rd2+ Kc8 51. Bf2 Rc4+ 52. Kd3
Bxd2 53. Kxc4 Kd7 54. g4 Bf4 55. gxh5 gxh5 56. Kd3 Ke6 57. Ke4 Bd6 58. Be3 c5
59. Bxc5 Bxc5 60. Kf3 Kf5 61. Kg2 Kf4 62. Kh1 Kg3 63. h4 Be7 64. Kg1 Bxh4
1/2-1/2

[Event "3MCR_3DW_2L_2S"]
[Site "?"]
[Date "2009.??.??"]
[Round "?"]
[White "Chlubna, Josef"]
[Black "Klimecky, Tomas"]
[Result "0-1"]
[WhiteElo "1601"]
[BlackElo "1765"]
[PlyCount "118"]
[EventDate "2009.??.??"]
[EventType "corr"]
[EventRounds "2"]

1. d4 c6 2. Nf3 g6 3. e4 Bg7 4. Be3 Qb6 5. b3 Nf6 6. Bd3 d5 7. Nbd2 dxe4 8.
Nxe4 Nxe4 9. Bxe4 Qb4+ 10. Qd2 Qxd2+ 11. Nxd2 O-O 12. c3 Nd7 13. O-O f5 14. Bf3
f4 15. Be2 fxe3 16. fxe3 Bh6 17. Bc4+ Kg7 18. Rae1 Rxf1+ 19. Nxf1 Nb6 20. Bd3
Be6 21. h3 Rf8 22. c4 Nd7 23. Re2 Bf7 24. a4 e5 25. b4 e4 26. Bxe4 Bxc4 27. Rf2
Bxf1 28. Rxf8 Nxf8 29. Kxf1 Bxe3 30. d5 cxd5 31. Bxd5 b6 32. Ke2 Bg5 33. Kd3
Nd7 34. Kc4 Bd2 35. Kb5 a5 36. bxa5 bxa5 37. Be6 Nf6 38. g4 Ne4 39. Kc4 Ng5 40.
h4 Nxe6 41. Kd5 Nf4+ 42. Ke4 h5 43. Kf3 Nd5 44. Ke2 Bb4 45. gxh5 Nf4+ 46. Kf3
Nxh5 47. Kg4 Nf6+ 48. Kg5 Ne4+ 49. Kf4 Nc3 50. Kg5 Nxa4 51. h5 gxh5 52. Kxh5
Nc3 53. Kg4 a4 54. Kf3 a3 55. Kf4 a2 56. Ke5 a1=Q 57. Ke6 Qd1 58. Kf5 Qf3+ 59.
Kg5 Be7# 0-1

[Event "3MCR_3DW_2L_3S"]
[Site "?"]
[Date "2009.??.??"]
[Round "?"]
[White "Majstr, Jiri"]
[Black "Vanek, Vladimir"]
[Result "0-1"]
[WhiteElo "1846"]
[BlackElo "1800"]
[PlyCount "104"]
[EventDate "2009.??.??"]
[EventType "corr"]
[EventRounds "2"]

1. e4 e5 2. Nf3 Nc6 3. Nc3 Nf6 4. Be2 Bb4 5. a3 Bxc3 6. dxc3 O-O 7. Bd3 h6 8.
O-O d5 9. exd5 Qxd5 10. Be2 Qe6 11. Be3 Rd8 12. Qc1 Qf5 13. Nh4 Qe4 14. Nf3 Qh7
15. Re1 Bf5 16. Bb5 Nd7 17. Ba4 Be6 18. Nd2 Ne7 19. f3 Qg6 20. Bf2 Bh3 21. g3
Bf5 22. Nc4 Nc6 23. Bb3 Be6 24. a4 Re8 25. Qd2 Rad8 26. Qe2 Nf6 27. Rad1 Rxd1
28. Qxd1 e4 29. Nd2 Bxb3 30. cxb3 Rd8 31. Qe2 Rxd2 32. Qxd2 Ne5 33. Qd8+ Kh7
34. Rf1 Nxf3+ 35. Kg2 Ng4 36. Bg1 Nge5 37. Qd5 c6 38. Qd1 a6 39. Qe2 Nd3 40.
Kh1 c5 41. a5 Qg4 42. Be3 h5 43. Qg2 f5 44. Qe2 Kg6 45. b4 cxb4 46. cxb4 h4 47.
gxh4 Kh5 48. b3 g6 49. Bc5 Nxh4 50. Qxg4+ Kxg4 51. Rg1+ Kf3 52. Rg3+ Ke2 0-1

[Event "3MCR_3DW_2L_1S"]
[Site "?"]
[Date "2009.??.01"]
[Round "?"]
[White "Benes, Jiri"]
[Black "Majstr, Jiri"]
[Result "1-0"]
[WhiteElo "2026"]
[BlackElo "2072"]
[PlyCount "121"]
[EventDate "2009.??.??"]
[EventType "corr"]
[EventRounds "2"]

1. e4 e6 2. d4 d5 3. Nd2 c5 4. exd5 Qxd5 5. Ngf3 cxd4 6. Bc4 Qd6 7. O-O Nf6 8.
Nb3 Nc6 9. Nbxd4 Nxd4 10. Qxd4 Qxd4 11. Nxd4 Bc5 12. Rd1 Bd7 13. Bf4 Rc8 14. c3
O-O 15. a4 Rfe8 16. Be5 Ng4 17. Bg3 Nf6 18. Be2 e5 19. Nb3 Bb6 20. a5 Bc7 21.
Nc5 Bc6 22. c4 e4 23. Bxc7 Rxc7 24. b4 g6 25. Rd6 Kg7 26. Rad1 Rcc8 27. Kf1 e3
28. f3 Re7 29. Ra1 h5 30. h4 Ne8 31. Rd4 b6 32. Nb3 Bb7 33. Rad1 Nf6 34. axb6
axb6 35. Rd6 Rc6 36. b5 Rxd6 37. Rxd6 Nd7 38. Bd3 Ne5 39. Ke2 Nd7 40. Na1 Kf8
41. Nc2 Ke8 42. Nb4 Ba8 43. Bc2 Kf8 44. Be4 Bxe4 45. fxe4 Nc5 46. Rxb6 Rxe4 47.
Rc6 Nb3 48. Nc2 Na5 49. Rc8+ Ke7 50. c5 Rxh4 51. Ra8 Nb3 52. c6 Rc4 53. Nxe3
Rc5 54. c7 Rxc7 55. Nd5+ Kd6 56. Nxc7 Kxc7 57. Ra7+ Kb6 58. Rxf7 Kxb5 59. Ke3
Na5 60. Rg7 Nc4+ 61. Kd4 1-0

[Event "3MCR_3DW_2L_1S"]
[Site "?"]
[Date "2009.??.??"]
[Round "?"]
[White "Majstr, Jiri"]
[Black "Benes, Jiri"]
[Result "1/2-1/2"]
[WhiteElo "2072"]
[BlackElo "2026"]
[PlyCount "141"]
[EventDate "2009.??.??"]
[EventType "corr"]
[EventRounds "2"]

1. e4 c5 2. Nc3 e6 3. f4 d5 4. Nf3 dxe4 5. Nxe4 Nf6 6. Bb5+ Bd7 7. Bxd7+ Nbxd7
8. d3 c4 9. Be3 Nd5 10. Qe2 cxd3 11. Qxd3 Qa5+ 12. c3 Be7 13. O-O O-O 14. g3
Nxe3 15. Qxe3 Rfd8 16. Nd4 Nf6 17. Rfd1 Rd5 18. Nd2 Rad8 19. Qe2 Qb6 20. N2f3
Bc5 21. Rd2 Qc7 22. Rad1 b5 23. Kg2 b4 24. c4 R5d7 25. Nb3 Rxd2 26. Rxd2 Rxd2
27. Qxd2 Bf8 28. Qd4 a5 29. Ne5 a4 30. Nd2 h6 31. b3 Bc5 32. Qd3 Bd6 33. Ndf3
axb3 34. axb3 Qb6 35. Qd4 Qxd4 36. Nxd4 Bxe5 37. fxe5 Nd7 38. Nc6 Nc5 39. Nxb4
Nxb3 40. Nc6 Kf8 41. Kf2 f5 42. Ke3 Ke8 43. Nb4 Kd7 44. Kd3 g5 45. Kc3 Na5 46.
Nd3 Nc6 47. h4 Ke7 48. hxg5 hxg5 49. c5 Kd8 50. Kc4 Kc7 51. Kc3 Kb7 52. Kc4 Ka6
53. Ne1 Nxe5+ 54. Kd4 Nf7 55. Kc4 Ka7 56. Nf3 Kb7 57. Nd4 Nd8 58. Kb5 Kc7 59.
Nf3 g4 60. Nd4 Kd7 61. Kb6 f4 62. gxf4 g3 63. Nf3 g2 64. Kb5 Nc6 65. Kc4 Ne7
66. Kd4 Ng6 67. Ke3 Kc6 68. Ng1 Kxc5 69. Nh3 Nh4 70. Kf2 Kd4 71. Kg3 1/2-1/2